Die größten Inseln der Welt - Sudden Death - Statistiken

Allgemein
  • Dieses Quiz wurde 439 mal gespielt
  • Das Durchschnittsergebnis liegt bei 3 aus 10
Answers on the Grid
Answers color-coded by a green-red scale on the quiz's grid according to % correct below.
Grönland
Neuguinea
Borneo
Madagaskar
Baffin Island
Sumatra
Honshū
Victoria Island
Großbritannien
Ellesmere Island
Sulawesi
Neuseeland Südinsel
Java
Neuseeland Nordinsel
Luzon
Neufundland
Cuba
Island
Mindanao
Irland
Hokkaidō
 
Antwortstatistiken
Antwort % Korrekt
Grönland
77%
Madagaskar
67%
Großbritannien
45%
Neuguinea
35%
Borneo
34%
Sumatra
34%
Baffin Island
14%
Honshū
13%
Victoria Island
11%
Ellesmere Island
8%
Keine übereinstimmenden Quizze gefunden
Verteilung der Resultate
Anzahl Personen mit jedem Resultat
Perzentil nach korrekt beantworteten Fragen
Ihre Resultats-Entwicklung
Sie haben dieses Quiz noch nicht gespielt